00713nam a2200241 a 4500001001300000003000900013005001700022008004100039020002300080082001500103100001700118245005400135260002500189300001000214500003500224505001100259650002400270700001700294902000800311942000700319952012800326999001700454nice12345678IN_TiNIC20260116014913.0050524s2009 dela grp 000 0 eng  a9788184580884c15000a392.5bSAH aSahanam, L E aBelonging but Not Believingb Interfaith Marriage aDelhi bISPCK c2009 a127p  aincludes index and biblioraphy2 abiblio aMarriage-Interfaith1 aSahanam, L E bSRS cBK 001040708StackRoom-aHMIbHMId2005-01-01g150.00l2o392.5 SAHp024716r2018-09-21s2018-09-11v150.00w2005-05-24yBK c17482d17482